000 00274nam a2200121Ia 4500
008 160319s9999 xx 000 0 und d
050 _bC822n 2004
100 _aCoronel, Myla C.
245 _aNoli Me Tangere
260 _bBookmark Inc.
260 _c1992
300 _a318
999 _c292297
_d292297